|
|
|
|
| LEADER |
00000nam0a2200000 4500 |
| 001 |
221016 |
| 005 |
20231031195556.0 |
| 020 |
|
|
|a RU
|b 87-173
|
| 035 |
|
|
|a (RuTPU)RU\TPU\book\241158
|
| 090 |
|
|
|a 221016
|
| 100 |
|
|
|a 20120906d1987 m a0rusy5003 ca
|
| 101 |
0 |
|
|a rus
|
| 102 |
|
|
|a RU
|
| 105 |
|
|
|a y z 001zy
|
| 200 |
1 |
|
|a Проблемы устойчивости стохастических моделей
|e труды Х Всесоюзного семинара, Куйбышев 1986 г.
|f Куйбышевский государственный университет (КГУ) ; под ред. В. М. Золотарева, В. В. Калашникова
|
| 210 |
|
|
|a Куйбышев
|c Изд-во КГУ
|d 1987
|
| 215 |
|
|
|a 165 с.
|d 26 см
|
| 320 |
|
|
|a Библиогр. в конце докл.
|
| 610 |
1 |
|
|a математическая статистика
|
| 610 |
1 |
|
|a стохастические модели
|
| 610 |
1 |
|
|a устойчивость
|
| 610 |
1 |
|
|a семинары
|
| 610 |
1 |
|
|a робастность
|
| 610 |
1 |
|
|a массовое обслуживание
|
| 675 |
|
|
|a 519.22
|z rus
|
| 702 |
|
1 |
|a Золотарев
|b В. М.
|g Владимир Михайлович
|4 340
|
| 702 |
|
1 |
|a Калашников
|b В. В.
|4 340
|
| 712 |
0 |
2 |
|a Куйбышевский государственный университет (КГУ)
|2 stltpush
|3 (RuTPU)RU\TPU\col\9904
|
| 712 |
0 |
2 |
|a Проблемы устойчивости стохастических моделей
|c семинар
|d X
|e Куйбышев
|f 1986
|
| 801 |
|
0 |
|a RU
|b RuMRKP
|c 19950417
|g psbo
|
| 801 |
|
1 |
|a RU
|b 63413507
|c 20120906
|
| 801 |
|
2 |
|a RU
|b 63413507
|c 20140325
|g RCR
|
| 942 |
|
|
|c BK
|